000
00254nam a2200097Ia 4500
008
200302s9999 xx 000 0 und d
100
_a
Hu Yanli He Jiaxin
245
_a
Designing Architecture
260
_b
Dalian University of Technology Press
300
_a
295
999
_c
3756
_d
3756